Harry Potter by Letter - H - Statistics

General Stats
  • This quiz has been taken 121 times
  • The average score is 11 of 13
Answer Stats
Hint Answer % Correct
School that Harry goes to. Hogwarts
100%
The half-giant Hogwarts gamekeeper, loyal friend to Harry . Hagrid
97%
Harry’s pet owl Hedwig
97%
Harry’s best female friend. Hermione Granger
97%
One of the four houses. Cedric Diggory was in that house. Hufflepuff
96%
Founder of the house above. Helga Hufflepuff
94%
Subject that studies plants, Pomona Sprout is the teacher. Herbology
94%
Objects used by Voldemort to conceal parts of his soul. Horcruxes
93%
Flying teacher. Rolanda Hooch
93%
Only wizarding village in Britain. Hogsmeade
87%
A red envelope containing angry message. Howler
87%
Half horse, half eagle creatures. Hippogriffs
85%
Charm that rapidly grows plants. Herbivicius
12%
No matching quizzes found
Score Distribution
Percent of People with Each Score
Percentile by Number Answered
Your Score History
You have not taken this quiz